| 000 | 00349nam a2200133Ia 4500 | ||
|---|---|---|---|
| 008 | 230907s9999||||xx |||||||||||||| ||und|| | ||
| 082 |
_a349.51 _bZEY |
||
| 100 |
_aZeyuan, Zhuo. _988740 |
||
| 245 | 0 | _aRule of Law in China / | |
| 260 |
_aChina Foreign Languages Press, _c2018 |
||
| 300 | _a251 p. | ||
| 650 |
_aChinese Studies _9116226 |
||
| 942 | _cBK | ||
| 999 |
_c601643 _d601643 |
||